00700nam a2200205Ia 4500008004100000020001800041050001900059050001700078245003600095260001700131260003500148260000900183300001600192300001100208440003000219650005000249650005000299999001900349952012600368180523s9999 xx 000 0 und d a1-59139-504-6 aMAIN HF 5549.5 b.E42W44 2004 0aWhen good people behave badly / aBoston, MA : bHarvard Business School Press, c2004 a175 pages : c21 cm. aManagement dilemma series aProblem employees - Problems, exercises, etc. xLabor discipline -- Problems, exercises, etc. c357165d357165 001040aSMCbSMCcMAINd2006-06-10g1.00l0oMAIN HF 5549.5 .E42W44 2004pSMC03185r2018-05-23 00:00:00w2018-05-23yBK